ბათუმის შოთა რუსთაველის სახელმწიფო უნივერსიტეტის ბიბლიოთეკა

ბუნებისმცოდნეობის საფუძვლები. (ბიბ.ჩანაწერი № 44369)

000 -LEADER
fixed length control field 00852nam a2200217Ia 4500
001 - CONTROL NUMBER
control field 11131
003 - CONTROL NUMBER IDENTIFIER
control field GE_BSU
008 - FIXED-LENGTH DATA ELEMENTS--GENERAL INFORMATION
fixed length control field 181216s||||||||xx |||||||||||||| ||und||
040 ## - CATALOGING SOURCE
Transcribing agency GE_BSU
080 ## - UNIVERSAL DECIMAL CLASSIFICATION NUMBER
Universal Decimal Classification number 502(075.8)
100 ## - MAIN ENTRY--PERSONAL NAME
Personal name ფოჩხუა,ა.ა. მგელაძე,კ.გ. სურგულაძე,მ და სხვ.
245 ## - TITLE STATEMENT
Title ბუნებისმცოდნეობის საფუძვლები.
245 ## - TITLE STATEMENT
Remainder of title სახელმძღვ.უმაღლ.სასწავლებლის სტუდენტებისათვის.
260 ## - PUBLICATION, DISTRIBUTION, ETC.
Place of publication, distribution, etc. თბილისი.
260 ## - PUBLICATION, DISTRIBUTION, ETC.
Name of publisher, distributor, etc. განათლება.
260 ## - PUBLICATION, DISTRIBUTION, ETC.
Date of publication, distribution, etc. 1986.
300 ## - PHYSICAL DESCRIPTION
Extent 527გვ;22სმ.
300 ## - PHYSICAL DESCRIPTION
Accompanying material ილ;
653 ## - INDEX TERM--UNCONTROLLED
Uncontrolled term ბუნებისმცოდნეობის საფუძვლები.
942 ## - ADDED ENTRY ELEMENTS (KOHA)
Koha item type წიგნი
ეგზემპლარები
Withdrawn status Lost status Damaged status Not for loan Date acquired Barcode Date last seen Price effective from Koha item type
        2018-12-17 19222 2018-12-17 2018-12-17 წიგნი
        2018-12-17 19223 2018-12-17 2018-12-17 წიგნი
        2018-12-17 19224 2018-12-17 2018-12-17 წიგნი
        2018-12-17 19225 2018-12-17 2018-12-17 წიგნი
        2018-12-17 19226 2018-12-17 2018-12-17 წიგნი
        2018-12-17 19227 2018-12-17 2018-12-17 წიგნი
        2018-12-17 19228 2018-12-17 2018-12-17 წიგნი